| 000 | 00401 a2200145 4500 | ||
|---|---|---|---|
| 082 | _a512 | ||
| 090 |
_c3530 _d3530 |
||
| 100 | _aPrice, Jack | ||
| 245 |
_aMerril Pre-Algebra: a problem-solving approach _cJack Price |
||
| 260 |
_aUSA : _bMerrill Publishing Co., _cc1989. |
||
| 300 |
_axiv, 530 p. : _bill. ; _c24 cm. |
||
| 500 | _aIncludes Index | ||
| 650 | _aAlgebra 2.Mathematics | ||
| 942 |
_cBK _k512 PRI |
||
| 999 |
_c7437 _d7437 |
||